Satyamev jayate / (Record no. 45551)

MARC details
000 -LEADER
fixed length control field 01216njm a22002897a 4500
005 - DATE AND TIME OF LATEST TRANSACTION
control field 20100914153423.0
006 - FIXED-LENGTH DATA ELEMENTS--ADDITIONAL MATERIAL CHARACTERISTICS--GENERAL INFORMATION
fixed length control field a|||||r|||||00| 0
007 - PHYSICAL DESCRIPTION FIXED FIELD--GENERAL INFORMATION
fixed length control field sd ammalaaahaa
008 - FIXED-LENGTH DATA ELEMENTS--GENERAL INFORMATION
fixed length control field 100901t xxu||||| |||| 00| 0 eng d
028 ## - PUBLISHER NUMBER
Publisher number 7EPE. 1543
Source His Master's Voice
035 ## - SYSTEM CONTROL NUMBER
System control number GR-02126
040 ## - CATALOGING SOURCE
Original cataloging agency SED
Transcribing agency SED
100 ## - MAIN ENTRY--PERSONAL NAME
Personal name Mangeshkar, Lata
9 (RLIN) 17891
245 ## - TITLE STATEMENT
Title Satyamev jayate /
Statement of responsibility, etc by Lata Mangeshkar; music by Jaidev; lyric by Uddhav Kumar
Medium [Sound recording]
246 ## - VARYING FORM OF TITLE
Title proper/short title सत्यमेव जयते / लता मंगेशकर द्वारा
260 ## - PUBLICATION, DISTRIBUTION, ETC. (IMPRINT)
Place of publication, distribution, etc Dum Dum, India
Name of publisher, distributor, etc His Master's Voice
Date of publication, distribution, etc 1971
300 ## - PHYSICAL DESCRIPTION
Extent 1 Sound disc [Gramophone Recording] :
Other physical details analog, 45 rpm
Dimensions 7 in. (SP)
Type of unit Gramophone Record
500 ## - GENERAL NOTE
General note Brief record
500 ## - GENERAL NOTE
General note Record Labels : His Master's Voice, Purpal
505 ## - FORMATTED CONTENTS NOTE
Formatted contents note Side-2 जो समर में हो गए अमर (Jo samar men ho gaye amar) (Lata Mangeshkar)
600 ## - SUBJECT ADDED ENTRY--PERSONAL NAME
Personal name Mangeshkar, Lata
9 (RLIN) 19718
650 ## - SUBJECT ADDED ENTRY--TOPICAL TERM
Topical term or geographic name as entry element Patriotic Songs
General subdivision Excerpts
Geographic subdivision India
9 (RLIN) 17892
700 ## - ADDED ENTRY--PERSONAL NAME
Personal name Jaidev
9 (RLIN) 19652
700 ## - ADDED ENTRY--PERSONAL NAME
Personal name Uddhav Kumar
9 (RLIN) 19653
942 ## - ADDED ENTRY ELEMENTS (KOHA)
Source of classification or shelving scheme Dewey Decimal Classification
Item type Gramaphone Records
Holdings
Withdrawn status Lost status Source of classification or shelving scheme Damaged status Not for loan Collection code Home library Current library Date acquired Source of acquisition Total Checkouts Barcode Date last seen Copy number Price effective from Koha item type
    Dewey Decimal Classification   Not For Loan Non-fiction Central Library Central Library 14/09/2010 SED/VEN   GR-02126 14/09/2010 1 14/09/2010 Gramaphone Records

© Delhi Public Library
Hit Counter
free hit counter